All Pink Floyd Songs sorted by length - Statistics

General Stats
  • This quiz has been taken 4 times
  • The average score is 14 of 166
Answer Stats
Song Length Album First letter Answer % Correct
23:42 Atom Heart Mother A Atom Heart Mother
100%
17:05 Animals D Dogs
100%
23:33 Meddle E Echoes
100%
13:35 Wish You Were Here S Shine On You Crazy Diamond, Pts. 1-5
100%
13:00 Atom Heart Mother A Alan's Psychedelic Breakfast
75%
11:57 A Saucerful of Secrets (A) S A Saucerful of Secrets
75%
8:31 The Division Bell H High Hopes
75%
9:41 The Piper at the Gates of Dawn I Interstellar Overdrive
75%
11:26 Animals P Pigs (Three Different Ones)
75%
10:19 Animals S Sheep
75%
12:25 Wish You Were Here S Shine On You Crazy Diamond, Pts. 6-9
75%
7:50 The Dark Side of the Moon U Us and Them
75%
7:31 Wish You Were Here W Welcome To The Machine
75%
6:22 The Wall C Comfortably Numb
50%
6:22 The Dark Side of the Moon M Money
50%
8:45 A Momentary Lapse of Reason S Sorrow
50%
7:06 The Dark Side of the Moon T Time
50%
6:08 Meddle F Fearless
25%
7:27 Ummagumma G Grantchester Meadows
25%
5:55 Meddle O One Of These Days
25%
7:04 The Division Bell P Poles Apart
25%
7:00 Ummagumma S Sysyphus, Pt. 4
25%
5:52 Obscured By Clouds A Absolutely Curtains
0%
4:18 The Division Bell (A) G A Great Day for Freedom
0%
1:57 The Endless River A Allons-y (1)
0%
1:35 The Endless River A Allons-y (2)
0%
1:46 A Momentary Lapse of Reason (A) N A New Machine, Pt. 1
0%
0:39 A Momentary Lapse of Reason (A) N A New Machine, Pt. 2
0%
3:15 The Endless River A Anisina
0%
3:11 The Wall A Another Brick In the Wall, Pt. 1
0%
3:59 The Wall A Another Brick In the Wall, Pt. 2
0%
1:15 The Wall A Another Brick In the Wall, Pt. 3
0%
3:26 The Dark Side of the Moon A Any Colour You Like
0%
5:13 Meddle (A) P A Pillow Of Winds
0%
1:05 More (A) S A Spanish Piece
0%
4:12 The Piper at the Gates of Dawn A Astronomy Domine
0%
1:35 The Endless River A Autumn '68
0%
3:22 The Piper at the Gates of Dawn B Bike
0%
3:50 The Dark Side of the Moon B Brain Damage
0%
2:46 The Dark Side of the Moon B Breathe (In The Air)
0%
1:28 The Wall B Bring the Boys Back Home
0%
3:30 Obscured By Clouds B Burning Bridges
0%
3:39 The Endless River C Calling
0%
3:42 The Piper at the Gates of Dawn C Chapter 24
0%
4:34 Obscured By Clouds C Childhood's End
0%
5:17 More C Cirrus Minor
0%
5:55 The Division Bell C Cluster One
0%
6:19 The Division Bell C Coming Back to Life
0%
4:12 A Saucerful of Secrets C Corporal Clegg
0%
3:34 More C Crying Song
0%
4:50 More C Cymbaline
0%
4:16 The Wall D Don't Leave Me Now
0%
2:17 More D Dramatic Theme
0%
1:50 The Endless River E Ebb and Flow
0%
2:07 The Dark Side of the Moon E Eclipse
0%
2:08 The Wall E Empty Spaces
0%
1:52 The Endless River E Eyes to Pearls
0%
5:24 Atom Heart Mother F Fat Old Sun
0%
2:46 The Piper at the Gates of Dawn F Flaming
0%
4:17 Obscured By Clouds F Free Four
0%
1:17 The Final Cut G Get Your Filthy Hands Off My Desert
0%
2:47 The Wall G Goodbye Blue Sky
0%
1:14 The Wall G Goodbye Cruel World
0%
2:59 More G Green is the Colour
0%
5:07 Wish You Were Here H Have A Cigar
0%
4:40 The Wall H Hey You
0%
3:19 More I Ibiza Bar
0%
4:31 Atom Heart Mother I If
0%
4:16 The Wall I In The Flesh
0%
3:19 The Wall I In the Flesh?
0%
2:42 The Wall I Is There Anybody Out There?
0%
6:21 The Endless River I It's What We Do
0%
2:59 A Saucerful of Secrets J Jugband Blues
0%
6:11 The Division Bell K Keep Talking
0%
4:52 A Momentary Lapse of Reason L Learning to Fly
0%
5:37 A Saucerful of Secrets L Let There Be More Light
0%
5:15 The Division Bell L Lost for Words
0%
6:33 The Endless River L Louder than Words
0%
3:07 The Piper at the Gates of Dawn L Lucifer Sam
0%
5:27 More M Main Theme
0%
5:29 The Division Bell M Marooned
0%
3:08 The Piper at the Gates of Dawn M Matilda Mother
0%
2:12 More M More Blues
0%
5:35 The Wall M Mother
0%
4:18 Obscured By Clouds M Mudmen
0%
5:31 The Endless River N Nervana
0%
1:42 The Endless River N Night Light
0%
3:23 The Wall N Nobody Home
0%
5:00 The Final Cut N Not Now John
0%
3:05 Obscured By Clouds O Obscured By Clouds
0%
3:37 The Wall O One of My Turns
0%
1:15 The Final Cut O One of the Few
0%
5:09 A Momentary Lapse of Reason O One Slip
0%
1:42 The Endless River O On Noodle Street
0%
3:34 The Dark Side of the Moon O On the Run
0%
5:42 A Momentary Lapse of Reason O On the Turning Away
0%
1:44 The Wall O Outside the Wall
0%
3:42 The Final Cut P Paranoid Eyes
0%
1:09 More P Party Sequence
0%
1:25 Animals P Pigs On the Wing, Pt. 1
0%
1:27 Animals P Pigs On the Wing, Pt. 2
0%
4:26 The Piper at the Gates of Dawn P Pow R. Toc H.
0%
7:14 More Q Quicksilver
0%
4:33 A Saucerful of Secrets R Remember a Day
0%
1:13 A Momentary Lapse of Reason R Round and Around
0%
4:23 The Wall R Run Like Hell
0%
3:43 Meddle S San Tropez
0%
2:14 Meddle S Seamus
0%
4:37 A Saucerful of Secrets S See-Saw
0%
5:28 A Saucerful of Secrets S Set the Controls for the Heart of the Sun
0%
4:58 Ummagumma S Several Species of Small Furry Animals Gathered Together In a Cave and Grooving with a Pict
0%
4:22 A Momentary Lapse of Reason S Signs of Life
0%
2:38 The Endless River S Skins
0%
2:09 The Final Cut S Southampton Dock
0%
1:11 The Dark Side of the Moon S Speak to Me
0%
4:08 Obscured By Clouds S Stay
0%
0:31 The Wall S Stop
0%
4:49 The Endless River S Sum
0%
5:28 Atom Heart Mother S Summer '68
0%
2:47 The Endless River S Surfacing
0%
1:08 Ummagumma S Sysyphus, Pt. 1
0%
3:31 Ummagumma S Sysyphus, Pt. 2
0%
1:49 Ummagumma S Sysyphus, Pt. 3
0%
6:12 The Division Bell T Take It Back
0%
3:06 The Piper at the Gates of Dawn T Take Up Thy Stethoscope And Walk
0%
3:26 The Endless River T Talkin' Hawkin'
0%
4:11 The Endless River T TBS14
0%
2:28 The Endless River T TBS9
0%
6:15 A Momentary Lapse of Reason T Terminal Frost
0%
6:04 A Momentary Lapse of Reason (T) D The Dogs of War
0%
4:47 The Final Cut (T) F The Final Cut
0%
4:09 The Final Cut (T) F The Fletcher Memorial Home
0%
2:14 The Piper at the Gates of Dawn (T) G The Gnome
0%
3:08 Obscured By Clouds (T) G The Gold It's In The...
0%
0:59 Ummagumma (T) G The Grand Vizier's Garden Party, Pt. 1: Entrance
0%
7:06 Ummagumma (T) G The Grand Vizier's Garden Party, Pt. 2: Entertainment
0%
0:41 Ummagumma (T) G The Grand Vizier's Garden Party, Pt. 3: Exit
0%
4:44 The Dark Side of the Moon (T) G The Great Gig In the Sky
0%
5:18 The Final Cut (T) G The Gunner's Dream
0%
1:51 The Wall (T) H The Happiest Days of Our Lives
0%
2:43 The Final Cut T The Hero's Return
0%
1:44 The Endless River (T) L The Lost Art of Conversation
0%
3:29 Ummagumma (T) N The Narrow Way, Pt. 1
0%
2:54 Ummagumma (T) N The Narrow Way, Pt. 2
0%
5:57 Ummagumma (T) N The Narrow Way, Pt. 3
0%
3:27 More (T) N The Nile Song
0%
3:00 The Final Cut (T) P The Post War Dream
0%
2:11 The Piper at the Gates of Dawn (T) S The Scarecrow
0%
1:36 The Wall (T) S The Show Must Go On
0%
2:27 The Wall (T) T The Thin Ice
0%
5:19 The Wall (T) T The Trial
0%
4:25 The Endless River T Things Left Unsaid
0%
5:18 The Final Cut T Two Suns In the Sunset
0%
1:07 The Endless River U Unsung
0%
2:13 More U Up the Khyber
0%
1:33 The Wall V Vera
0%
3:57 The Wall W Waiting for the Worms
0%
6:49 The Division Bell W Wearing the Inside Out
0%
4:21 The Division Bell W What Do You Want from Me
0%
3:18 The Final Cut W When the Tigers Broke Free
0%
2:31 Obscured By Clouds W When You're In
0%
5:38 Wish You Were Here W Wish You Were Here
0%
5:09 Obscured By Clouds W Wots... Uh The Deal?
0%
6:13 A Momentary Lapse of Reason Y Yet Another Movie
0%
3:30 The Wall Y Young Lust
0%
4:23 The Final Cut Y Your Possible Pasts
0%
No matching quizzes found
Score Distribution
Percent of People with Each Score
Percentile by Number Answered
Your Score History
You have not taken this quiz